[Event "XX Open Internacional Sant Marti 2018"]
[Site "Barcelona"]
[Date "2018.07.19"]
[Round "7.1"]
[White "Mitrabha, Guha"]
[Black "Guseinov, Gadir"]
[Result "0-1"]
[BlackElo "2654"]
[WhiteElo "2299"]
[LiveChessVersion "1.4.8"]

1. d4 {[%clk 1:21:01]} g6 {[%clk 1:30:52]} 2. Nf3 {[%clk 1:21:25]} Bg7
{[%clk 1:31:18]} 3. g3 {[%clk 1:21:49]} c5 {[%clk 1:31:25]} 4. c3
{[%clk 1:22:13]} Qa5 {[%clk 1:31:50]} 5. Nbd2 {[%clk 1:22:38]} cxd4
{[%clk 1:32:13]} 6. Nb3 {[%clk 1:23:04]} Qb6 {[%clk 1:32:24]} 7. Nbxd4
{[%clk 1:23:27]} Nf6 {[%clk 1:32:31]} 8. Bg2 {[%clk 1:23:51]} O-O
{[%clk 1:32:41]} 9. O-O {[%clk 1:24:07]} Nc6 {[%clk 1:32:22]} 10. Qb3
{[%clk 1:24:25]} Qc7 {[%clk 1:32:09]} 11. Rd1 {[%clk 1:22:36]} d6
{[%clk 1:32:28]} 12. h3 {[%clk 1:15:26]} Bd7 {[%clk 1:32:27]} 13. Qc2
{[%clk 1:13:04]} Rac8 {[%clk 1:32:26]} 14. Bg5 {[%clk 1:07:48]} a6
{[%clk 1:31:56]} 15. Qc1 {[%clk 1:07:53]} Rfe8 {[%clk 1:32:13]} 16. Nc2
{[%clk 1:08:09]} b5 {[%clk 1:30:56]} 17. Ne3 {[%clk 1:08:11]} Be6
{[%clk 1:17:09]} 18. Nd4 {[%clk 1:00:46]} Nxd4 {[%clk 1:17:30]} 19. cxd4
{[%clk 1:01:14]} Qd7 {[%clk 1:17:04]} 20. Qd2 {[%clk 1:01:39]} Bxh3
{[%clk 1:17:23]} 21. Bxf6 {[%clk 1:01:52]} Bxf6 {[%clk 1:15:02]} 22. Nd5
{[%clk 1:02:15]} Bxg2 {[%clk 1:15:16]} 23. Nxf6+ {[%clk 1:02:37]} exf6
{[%clk 1:15:43]} 24. Kxg2 {[%clk 1:03:02]} Qf5 {[%clk 1:15:08]} 25. Rac1
{[%clk 0:58:21]} Rxc1 {[%clk 1:14:00]} 26. Rxc1 {[%clk 0:58:49]} Qe4+
{[%clk 1:13:52]} 27. Kg1 {[%clk 0:58:51]} Qxe2 {[%clk 1:14:17]} 28. Qb4
{[%clk 0:59:03]} d5 {[%clk 1:13:17]} 29. Rc6 {[%clk 0:59:04]} Kg7
{[%clk 1:10:25]} 30. Rxa6 {[%clk 0:59:08]} Rc8 {[%clk 1:10:20]} 31. Qb3
{[%clk 0:54:31]} Rc1+ {[%clk 1:10:10]} 32. Kg2 {[%clk 0:54:59]} Qe4+
{[%clk 1:10:12]} 0-1

[Event "XX Open Internacional Sant Marti 2018"]
[Site "Barcelona"]
[Date "2018.07.19"]
[Round "7.2"]
[White "Cuartas, Jaime Alexander"]
[Black "Pena Gomez, Manuel"]
[Result "1/2-1/2"]
[BlackElo "2475"]
[WhiteElo "2508"]
[LiveChessVersion "1.4.8"]

1. e4 {[%clk 1:30:58]} c5 {[%clk 1:30:51]} 2. Nf3 {[%clk 1:31:22]} d6
{[%clk 1:31:14]} 3. d4 {[%clk 1:31:49]} Nf6 {[%clk 1:31:28]} 4. Nc3
{[%clk 1:32:08]} cxd4 {[%clk 1:31:52]} 5. Nxd4 {[%clk 1:32:34]} a6
{[%clk 1:32:17]} 6. Bc4 {[%clk 1:32:58]} e6 {[%clk 1:32:32]} 7. Bb3
{[%clk 1:33:23]} Nbd7 {[%clk 1:31:41]} 8. O-O {[%clk 1:33:45]} Nc5
{[%clk 1:31:38]} 9. Re1 {[%clk 1:34:08]} Be7 {[%clk 1:29:58]} 10. f4
{[%clk 1:34:22]} O-O {[%clk 1:27:04]} 11. Kh1 {[%clk 1:34:32]} Qc7
{[%clk 1:17:49]} 12. e5 {[%clk 1:29:12]} Nfd7 {[%clk 1:00:09]} 13. Qe2
{[%clk 1:22:10]} Rb8 {[%clk 0:45:50]} 14. a3 {[%clk 0:52:22]} Nxb3
{[%clk 0:35:16]} 15. cxb3 {[%clk 0:50:04]} b5 {[%clk 0:34:43]} 16. b4
{[%clk 0:50:24]} Bb7 {[%clk 0:31:46]} 17. exd6 {[%clk 0:43:14]} Bxd6
{[%clk 0:28:50]} 18. Qf2 {[%clk 0:40:56]} Nf6 {[%clk 0:27:34]} 19. Nb3
{[%clk 0:40:57]} Nd5 {[%clk 0:18:20]} 20. Nxd5 {[%clk 0:40:11]} Bxd5
{[%clk 0:18:48]} 21. Nc5 {[%clk 0:40:24]} Bxc5 {[%clk 0:10:28]} 22. bxc5
{[%clk 0:40:44]} a5 {[%clk 0:10:35]} 23. b4 {[%clk 0:41:06]} axb4
{[%clk 0:10:39]} 24. axb4 {[%clk 0:41:29]} Ra8 {[%clk 0:10:50]} 25. Bb2
{[%clk 0:41:37]} f6 {[%clk 0:09:37]} 26. Qg3 {[%clk 0:40:56]} Qf7
{[%clk 0:09:16]} 27. Kg1 {[%clk 0:40:35]} Rfd8 {[%clk 0:08:48]} 28. h3
{[%clk 0:37:00]} Kf8 {[%clk 0:08:16]} 29. Qd3 {[%clk 0:36:03]} Qg6
{[%clk 0:06:07]} 30. Qxg6 {[%clk 0:36:27]} hxg6 {[%clk 0:06:36]} 31. Rxa8
{[%clk 0:33:34]} Rxa8 {[%clk 0:07:05]} 32. Ra1 {[%clk 0:33:26]} Rxa1+
{[%clk 0:05:24]} 33. Bxa1 {[%clk 0:33:51]} Bc6 {[%clk 0:05:36]} 34. g4
{[%clk 0:34:14]} Kf7 {[%clk 0:05:54]} 35. Kf2 {[%clk 0:34:37]} Ke7
{[%clk 0:06:06]} 36. Kg3 {[%clk 0:34:39]} Kf7 {[%clk 0:06:28]} 37. h4
{[%clk 0:35:02]} Bd5 {[%clk 0:06:25]} 38. Bc3 {[%clk 0:35:24]} Bc6
{[%clk 0:06:40]} 39. g5 {[%clk 0:35:47]} Bd5 {[%clk 0:06:16]} 40. Kg4
{[%clk 0:35:50]} Be4 {[%clk 0:06:26]} 41. Kg3 {[%clk 0:35:53]} Bd5
{[%clk 0:06:50]} 42. Kf2 {[%clk 0:36:12]} Bc6 {[%clk 0:07:13]} 43. Ke3
{[%clk 0:36:37]} Ke7 {[%clk 0:07:32]} 44. Kd4 {[%clk 0:36:39]} Kf7
{[%clk 0:07:43]} 45. Ke3 {[%clk 0:37:04]} Ke7 {[%clk 0:08:11]} 46. Kd4
{[%clk 0:37:30]} Kf7 {[%clk 0:08:39]} 47. Ke3 {[%clk 0:37:54]} 1/2-1/2

[Event "XX Open Internacional Sant Marti 2018"]
[Site "Barcelona"]
[Date "2018.07.19"]
[Round "7.3"]
[White "Quesada Perez, Yasser"]
[Black "Alonso Rosell, Alvar"]
[Result "1/2-1/2"]
[BlackElo "2523"]
[WhiteElo "2531"]
[LiveChessVersion "1.4.8"]

1. e4 {[%clk 1:30:57]} e5 {[%clk 1:27:36]} 2. Nf3 {[%clk 1:31:15]} Nc6
{[%clk 1:28:04]} 3. Bb5 {[%clk 1:31:23]} a6 {[%clk 1:28:26]} 4. Ba4
{[%clk 1:31:43]} d6 {[%clk 1:28:54]} 5. O-O {[%clk 1:30:57]} Bd7 {[%clk 1:29:20]}
6. c3 {[%clk 1:28:09]} g6 {[%clk 1:29:44]} 7. d4 {[%clk 1:28:19]} Bg7
{[%clk 1:30:12]} 8. dxe5 {[%clk 1:17:14]} Nxe5 {[%clk 1:16:51]} 9. Nxe5
{[%clk 1:11:17]} dxe5 {[%clk 1:16:51]} 10. Nd2 {[%clk 1:09:34]} Nf6
{[%clk 1:10:00]} 11. Re1 {[%clk 1:08:49]} O-O {[%clk 1:08:45]} 12. Nf3
{[%clk 1:08:55]} Re8 {[%clk 1:03:12]} 13. Bg5 {[%clk 1:08:22]} b5
{[%clk 0:55:43]} 14. Bb3 {[%clk 1:05:43]} h6 {[%clk 0:55:44]} 15. Bxf6
{[%clk 1:03:24]} Bxf6 {[%clk 0:55:55]} 16. Qd2 {[%clk 1:03:26]} Kg7
{[%clk 0:49:55]} 17. Rad1 {[%clk 1:02:14]} Bg4 {[%clk 0:48:55]} 18. Qe3
{[%clk 1:00:20]} Qe7 {[%clk 0:48:50]} 19. h3 {[%clk 0:58:30]} Bxf3
{[%clk 0:39:39]} 20. Qxf3 {[%clk 0:58:55]} Rad8 {[%clk 0:40:03]} 21. Qe3
{[%clk 0:57:44]} Rxd1 {[%clk 0:39:22]} 22. Rxd1 {[%clk 0:58:07]} Rd8
{[%clk 0:39:16]} 23. Rxd8 {[%clk 0:57:33]} Qxd8 {[%clk 0:39:44]} 24. Bd5
{[%clk 0:55:24]} Qd6 {[%clk 0:38:55]} 25. Qa7 {[%clk 0:55:34]} Qb6
{[%clk 0:38:59]} 26. Qxb6 {[%clk 0:54:33]} cxb6 {[%clk 0:39:26]} 27. Kf1
{[%clk 0:54:47]} a5 {[%clk 0:39:03]} 28. b4 {[%clk 0:54:16]} Be7 {[%clk 0:38:50]}
29. Bc6 {[%clk 0:53:46]} axb4 {[%clk 0:39:15]} 1/2-1/2

[Event "XX Open Internacional Sant Marti 2018"]
[Site "Barcelona"]
[Date "2018.07.19"]
[Round "7.4"]
[White "Martinez Alcantara, Jose Eduardo"]
[Black "Gonzales, Jayson"]
[Result "1-0"]
[BlackElo "2367"]
[WhiteElo "2545"]
[LiveChessVersion "1.4.8"]

1. e4 {[%clk 1:30:59]} c6 {[%clk 1:30:28]} 2. d4 {[%clk 1:31:23]} d5
{[%clk 1:30:51]} 3. e5 {[%clk 1:31:47]} c5 {[%clk 1:29:01]} 4. dxc5
{[%clk 1:32:11]} Nc6 {[%clk 1:29:30]} 5. Nf3 {[%clk 1:31:55]} e6 {[%clk 1:28:39]}
6. a3 {[%clk 1:31:41]} Bxc5 {[%clk 1:29:04]} 7. b4 {[%clk 1:32:06]} Bb6
{[%clk 1:29:31]} 8. Bb2 {[%clk 1:32:29]} Nge7 {[%clk 1:29:51]} 9. Bd3
{[%clk 1:29:54]} Ng6 {[%clk 1:30:14]} 10. O-O {[%clk 1:28:55]} O-O
{[%clk 1:28:21]} 11. c4 {[%clk 1:23:17]} dxc4 {[%clk 1:24:20]} 12. Bxc4
{[%clk 1:22:31]} Qc7 {[%clk 1:24:44]} 13. Qe2 {[%clk 1:21:45]} Rd8
{[%clk 1:21:05]} 14. Nbd2 {[%clk 1:07:15]} Bd4 {[%clk 1:19:06]} 15. Nxd4
{[%clk 0:56:55]} Nxd4 {[%clk 1:19:29]} 16. Qe4 {[%clk 0:57:22]} Qxe5
{[%clk 1:12:58]} 17. Rad1 {[%clk 0:56:57]} Ne2+ {[%clk 1:12:11]} 18. Qxe2 1-0

[Event "XX Open Internacional Sant Marti 2018"]
[Site "Barcelona"]
[Date "2018.07.19"]
[Round "7.5"]
[White "Munoz, Miguel"]
[Black "Ruiz Castillo, Joshua Daniel"]
[Result "1/2-1/2"]
[BlackElo "2410"]
[WhiteElo "2500"]
[LiveChessVersion "1.4.8"]

1. e4 {[%clk 1:23:26]} c5 {[%clk 1:30:56]} 2. Nf3 {[%clk 1:23:49]} d6
{[%clk 1:31:16]} 3. Bb5+ {[%clk 1:24:10]} Nd7 {[%clk 1:31:27]} 4. d4
{[%clk 1:24:32]} cxd4 {[%clk 1:31:23]} 5. Qxd4 {[%clk 1:24:57]} a6
{[%clk 1:31:33]} 6. Bxd7+ {[%clk 1:25:04]} Bxd7 {[%clk 1:31:57]} 7. c4
{[%clk 1:25:24]} Nf6 {[%clk 1:31:20]} 8. Bg5 {[%clk 1:25:12]} Bc6
{[%clk 1:30:27]} 9. Nc3 {[%clk 1:24:59]} e6 {[%clk 1:30:48]} 10. O-O
{[%clk 1:22:34]} Be7 {[%clk 1:31:06]} 11. Rfe1 {[%clk 1:17:51]} O-O
{[%clk 1:31:05]} 12. Qd3 {[%clk 1:16:31]} Qb8 {[%clk 1:26:25]} 13. Nd5
{[%clk 1:07:50]} Bxd5 {[%clk 1:26:03]} 14. exd5 {[%clk 1:06:40]} e5
{[%clk 1:26:29]} 15. c5 {[%clk 0:55:00]} e4 {[%clk 1:20:32]} 16. Rxe4
{[%clk 0:55:09]} Nxe4 {[%clk 1:20:57]} 17. Qxe4 {[%clk 0:55:32]} Bxg5
{[%clk 1:21:06]} 18. Nxg5 {[%clk 0:55:55]} g6 {[%clk 1:21:36]} 19. Qh4
{[%clk 0:56:14]} h5 {[%clk 1:22:00]} 20. Ne4 {[%clk 0:56:39]} dxc5
{[%clk 1:22:19]} 21. Qg5 {[%clk 0:52:13]} Kg7 {[%clk 1:16:33]} 22. Qf6+
{[%clk 0:52:04]} Kh7 {[%clk 1:13:58]} 23. Qg5 {[%clk 0:48:24]} Kg7
{[%clk 1:14:19]} 24. Qf6+ {[%clk 0:47:40]} Kh7 {[%clk 1:14:45]} 25. Qg5
{[%clk 0:44:48]} 1/2-1/2

[Event "XX Open Internacional Sant Marti 2018"]
[Site "Barcelona"]
[Date "2018.07.19"]
[Round "7.7"]
[White "Smirnov, Artem"]
[Black "Aguero Jimenez, Luis Lazaro"]
[Result "0-1"]
[BlackElo "2473"]
[WhiteElo "2405"]
[LiveChessVersion "1.4.8"]

1. Nf3 {[%clk 1:30:25]} d5 {[%clk 1:30:55]} 2. g3 {[%clk 1:30:49]} g6
{[%clk 1:30:35]} 3. Bg2 {[%clk 1:30:05]} Bg7 {[%clk 1:31:03]} 4. d4
{[%clk 1:30:21]} Nf6 {[%clk 1:31:28]} 5. O-O {[%clk 1:30:37]} O-O
{[%clk 1:31:57]} 6. c3 {[%clk 1:30:52]} c5 {[%clk 1:30:25]} 7. dxc5
{[%clk 1:23:40]} a5 {[%clk 1:14:57]} 8. Ne5 {[%clk 1:09:30]} Qc7 {[%clk 1:13:06]}
9. Nd3 {[%clk 1:09:27]} e5 {[%clk 0:53:46]} 10. Bg5 {[%clk 1:01:13]} Be6
{[%clk 0:46:43]} 11. Nd2 {[%clk 0:41:43]} Nbd7 {[%clk 0:41:41]} 12. Bxf6
{[%clk 0:36:41]} Nxf6 {[%clk 0:41:33]} 13. e3 {[%clk 0:31:26]} Bf5
{[%clk 0:27:38]} 14. Qe2 {[%clk 0:31:50]} e4 {[%clk 0:26:53]} 15. Nf4
{[%clk 0:31:28]} Bg4 {[%clk 0:23:55]} 16. Nxd5 {[%clk 0:18:31]} Bxe2
{[%clk 0:24:02]} 17. Nxc7 {[%clk 0:18:54]} Bxf1 {[%clk 0:24:27]} 18. Kxf1
{[%clk 0:18:55]} Rac8 {[%clk 0:24:14]} 19. Nb5 {[%clk 0:19:19]} Rxc5
{[%clk 0:24:24]} 20. a4 {[%clk 0:18:26]} Rd8 {[%clk 0:20:37]} 21. Ke1
{[%clk 0:13:54]} b6 {[%clk 0:08:00]} 22. Nxe4 {[%clk 0:14:02]} Nxe4
{[%clk 0:08:26]} 23. Bxe4 {[%clk 0:14:28]} f5 {[%clk 0:08:49]} 24. Bc2
{[%clk 0:13:23]} Kf8 {[%clk 0:07:44]} 25. Bb3 {[%clk 0:12:25]} Ke7
{[%clk 0:07:08]} 26. Ke2 {[%clk 0:12:46]} Rcc8 {[%clk 0:06:34]} 27. h3
{[%clk 0:09:55]} Be5 {[%clk 0:05:21]} 28. f4 {[%clk 0:09:29]} Bd6
{[%clk 0:05:03]} 29. g4 {[%clk 0:08:52]} Bc5 {[%clk 0:04:38]} 30. gxf5
{[%clk 0:02:32]} gxf5 {[%clk 0:05:05]} 31. Rg1 {[%clk 0:01:27]} Kf6
{[%clk 0:05:18]} 32. Nd4 {[%clk 0:00:34]} Re8 {[%clk 0:02:51]} 33. Kd2
{[%clk 0:00:44]} Re7 {[%clk 0:02:40]} 34. Bc2 {[%clk 0:00:36]} Bxd4
{[%clk 0:00:46]} 35. cxd4 {[%clk 0:01:04]} h6 {[%clk 0:00:49]} 36. h4
{[%clk 0:00:44]} Rcc7 {[%clk 0:00:45]} 37. d5 {[%clk 0:00:34]} Rg7
{[%clk 0:00:40]} 38. Rxg7 {[%clk 0:00:34]} Rxg7 {[%clk 0:01:08]} 39. Kc3
{[%clk 0:00:35]} Rg3 {[%clk 0:00:55]} 40. Kd4 {[%clk 0:00:54]} Rg2
{[%clk 0:01:08]} 41. Bd3 {[%clk 0:00:36]} Rxb2 {[%clk 0:01:18]} 42. d6
{[%clk 0:00:35]} Ke6 {[%clk 0:00:57]} 43. d7 {[%clk 0:00:37]} Kxd7
{[%clk 0:01:22]} 44. Ke5 {[%clk 0:00:34]} Rb3 {[%clk 0:01:15]} 45. Bxf5+
{[%clk 0:00:46]} Ke7 {[%clk 0:01:40]} 46. e4 {[%clk 0:00:39]} b5 {[%clk 0:01:48]}
47. axb5 Rxb5+ {[%clk 0:02:13]} 48. Kd4 {[%clk 0:00:53]} Rxf5 {[%clk 0:02:27]}
49. exf5 {[%clk 0:01:14]} Kf6 0-1

[Event "XX Open Internacional Sant Marti 2018"]
[Site "Barcelona"]
[Date "2018.07.19"]
[Round "7.8"]
[White "Neelash, Saha"]
[Black "Miciano, John Marvin"]
[Result "1/2-1/2"]
[BlackElo "2411"]
[WhiteElo "2319"]
[LiveChessVersion "1.4.8"]

1. d4 {[%clk 1:30:55]} g6 {[%clk 1:25:03]} 2. e4 {[%clk 1:31:12]} Bg7
{[%clk 1:24:44]} 3. Nc3 {[%clk 1:31:37]} d6 {[%clk 1:23:51]} 4. Be2
{[%clk 1:32:01]} Nf6 {[%clk 1:20:40]} 5. h4 {[%clk 1:32:27]} h5 {[%clk 1:20:27]}
6. Nf3 {[%clk 1:31:59]} c6 {[%clk 1:11:12]} 7. Ng5 {[%clk 1:28:59]} b5
{[%clk 1:03:19]} 8. a3 {[%clk 1:28:45]} O-O {[%clk 0:58:53]} 9. Bf4
{[%clk 1:28:36]} a6 {[%clk 0:55:34]} 10. Bf3 {[%clk 1:23:57]} Ng4
{[%clk 0:47:31]} 11. Be2 {[%clk 1:20:31]} e5 {[%clk 0:42:04]} 12. dxe5
{[%clk 1:20:30]} dxe5 {[%clk 0:42:07]} 13. Qxd8 {[%clk 1:20:00]} Rxd8
{[%clk 0:42:28]} 14. Bc1 {[%clk 1:20:27]} Nd7 {[%clk 0:35:43]} 15. f3
{[%clk 1:20:52]} Ngf6 {[%clk 0:35:51]} 16. Be3 {[%clk 1:21:18]} Nf8
{[%clk 0:33:21]} 17. Bb6 {[%clk 1:19:37]} Re8 {[%clk 0:32:08]} 18. O-O-O
{[%clk 1:17:59]} N6h7 {[%clk 0:26:48]} 19. Nxh7 {[%clk 1:16:28]} Kxh7
{[%clk 0:26:57]} 20. Rd6 {[%clk 1:16:17]} Bb7 {[%clk 0:23:34]} 21. Rhd1
{[%clk 1:15:54]} Kg8 {[%clk 0:23:28]} 22. Na2 {[%clk 1:14:11]} Ne6
{[%clk 0:22:35]} 23. Rd7 {[%clk 1:14:01]} Bc8 {[%clk 0:22:28]} 24. R7d6
{[%clk 1:14:27]} Bb7 {[%clk 0:22:40]} 25. Rd7 {[%clk 1:14:52]} Bc8
{[%clk 0:23:07]} 26. R7d6 {[%clk 1:15:20]} 1/2-1/2

[Event "XX Open Internacional Sant Marti 2018"]
[Site "Barcelona"]
[Date "2018.07.19"]
[Round "7.9"]
[White "Cori Quispe, Kevin Joel"]
[Black "Cruz, Filemon"]
[Result "1-0"]
[BlackElo "2314"]
[WhiteElo "2487"]
[LiveChessVersion "1.4.8"]

1. e4 {[%clk 1:30:55]} e5 {[%clk 1:30:21]} 2. Nf3 {[%clk 1:31:13]} Nc6
{[%clk 1:30:16]} 3. Bc4 {[%clk 1:31:18]} Bc5 {[%clk 1:29:58]} 4. O-O
{[%clk 1:31:31]} Nf6 {[%clk 1:30:13]} 5. d3 {[%clk 1:31:46]} d6 {[%clk 1:30:24]}
6. c3 {[%clk 1:31:53]} O-O {[%clk 1:29:58]} 7. a4 {[%clk 1:31:49]} a6
{[%clk 1:29:41]} 8. Nbd2 {[%clk 1:31:45]} Ba7 {[%clk 1:29:40]} 9. h3
{[%clk 1:31:30]} Ne7 {[%clk 1:28:34]} 10. Re1 {[%clk 1:31:32]} Ng6
{[%clk 1:28:40]} 11. Bb3 {[%clk 1:31:30]} Be6 {[%clk 1:25:23]} 12. d4
{[%clk 1:30:56]} Bxb3 {[%clk 1:25:21]} 13. Qxb3 {[%clk 1:31:08]} Rb8
{[%clk 1:24:13]} 14. Nf1 {[%clk 1:24:14]} Nh5 {[%clk 1:17:38]} 15. Ne3
{[%clk 1:21:39]} Nhf4 {[%clk 1:16:28]} 16. Qc2 {[%clk 1:20:36]} Re8
{[%clk 1:08:53]} 17. Nf5 {[%clk 1:17:06]} h6 {[%clk 1:05:23]} 18. h4
{[%clk 1:14:48]} Qf6 {[%clk 1:00:05]} 19. Be3 {[%clk 1:07:26]} Ra8
{[%clk 0:57:35]} 20. Rad1 {[%clk 1:05:05]} Ne6 {[%clk 0:52:46]} 21. Qb3
{[%clk 1:01:53]} exd4 {[%clk 0:49:55]} 22. cxd4 {[%clk 1:02:08]} Bb6
{[%clk 0:48:02]} 23. Nxd6 {[%clk 0:52:42]} cxd6 {[%clk 0:46:13]} 24. Qxb6
{[%clk 0:53:03]} Nxh4 {[%clk 0:46:29]} 25. Nxh4 {[%clk 0:53:19]} Qxh4
{[%clk 0:46:52]} 26. Qxb7 {[%clk 0:52:26]} Rab8 {[%clk 0:47:07]} 27. Qxa6
{[%clk 0:51:30]} Qxe4 {[%clk 0:46:38]} 28. Qxd6 {[%clk 0:44:28]} Rxb2
{[%clk 0:45:40]} 29. d5 {[%clk 0:42:49]} Nf8 {[%clk 0:44:15]} 30. Qc6
{[%clk 0:35:48]} Rc2 {[%clk 0:41:30]} 31. Qb5 {[%clk 0:35:09]} Re5
{[%clk 0:37:55]} 32. a5 {[%clk 0:33:36]} Rh5 {[%clk 0:33:27]} 33. Rd4
{[%clk 0:22:36]} Qe5 {[%clk 0:33:45]} 34. f4 {[%clk 0:22:44]} Qf6
{[%clk 0:31:39]} 35. Re2 {[%clk 0:18:04]} Rc8 {[%clk 0:20:45]} 36. a6
{[%clk 0:15:17]} Qh4 {[%clk 0:19:51]} 37. a7 {[%clk 0:14:37]} Qh2+
{[%clk 0:19:42]} 38. Kf1 {[%clk 0:13:32]} Qg3 {[%clk 0:12:24]} 39. Kg1
{[%clk 0:10:33]} Qh2+ {[%clk 0:08:35]} 40. Kf2 {[%clk 0:09:54]} Rh3
{[%clk 0:07:57]} 41. Rc4 {[%clk 0:08:55]} Rd8 {[%clk 0:05:22]} 42. Ra4
{[%clk 0:07:25]} Qg3+ {[%clk 0:04:17]} 43. Kg1 {[%clk 0:07:46]} Qh2+
{[%clk 0:02:17]} 44. Kf1 {[%clk 0:07:54]} Qh1+ {[%clk 0:02:26]} 45. Kf2
{[%clk 0:07:11]} Rh2 {[%clk 0:02:34]} 46. Kg3 {[%clk 0:07:13]} Rd6
{[%clk 0:02:10]} 47. f5 {[%clk 0:07:30]} Rh5 {[%clk 0:01:52]} 48. a8=Q
{[%clk 0:06:14]} Qh2+ {[%clk 0:01:56]} 49. Kf2 {[%clk 0:06:33]} Rxf5+
{[%clk 0:02:09]} 50. Ke1 {[%clk 0:06:44]} 1-0

[Event "XX Open Internacional Sant Marti 2018"]
[Site "Barcelona"]
[Date "2018.07.19"]
[Round "7.10"]
[White "Serarols Mabras, Bernat"]
[Black "Perez Mitjans, Orelvis"]
[Result "0-1"]
[BlackElo "2399"]
[WhiteElo "2269"]
[LiveChessVersion "1.4.8"]

1. d4 Nf6 {[%clk 1:20:54]} 2. c4 {[%clk 1:31:11]} c5 {[%clk 1:21:19]} 3. d5
{[%clk 1:31:22]} e6 {[%clk 1:21:42]} 4. Nc3 {[%clk 1:31:08]} exd5
{[%clk 1:22:06]} 5. cxd5 {[%clk 1:31:25]} g6 {[%clk 1:22:20]} 6. e4
{[%clk 1:29:37]} d6 {[%clk 1:22:44]} 7. Bd3 {[%clk 1:29:40]} Bg7 {[%clk 1:23:07]}
8. h3 {[%clk 1:29:36]} O-O {[%clk 1:23:30]} 9. Nf3 {[%clk 1:29:58]} b5
{[%clk 1:17:14]} 10. Nxb5 {[%clk 1:26:40]} Nxe4 {[%clk 1:17:12]} 11. Bxe4
{[%clk 1:21:47]} Re8 {[%clk 1:09:39]} 12. Ng5 {[%clk 1:21:01]} Qa5+
{[%clk 1:09:45]} 13. Nc3 {[%clk 1:15:02]} Ba6 {[%clk 0:57:11]} 14. Qf3
{[%clk 0:51:03]} f5 {[%clk 0:50:56]} 15. Kd1 {[%clk 0:46:31]} Bxc3
{[%clk 0:38:35]} 16. Qxc3 {[%clk 0:41:47]} Qxc3 {[%clk 0:38:50]} 17. bxc3
{[%clk 0:42:08]} fxe4 {[%clk 0:39:14]} 18. Ne6 {[%clk 0:30:47]} Rc8
{[%clk 0:29:37]} 19. Bf4 {[%clk 0:27:02]} Bc4 {[%clk 0:29:59]} 20. Bxd6
{[%clk 0:23:07]} Na6 {[%clk 0:30:23]} 21. Re1 {[%clk 0:17:59]} Bxd5
{[%clk 0:29:45]} 22. Nf4 {[%clk 0:18:21]} Bf7 {[%clk 0:28:46]} 23. Kc1
{[%clk 0:18:06]} Rc6 {[%clk 0:26:39]} 24. Be7 {[%clk 0:17:16]} Re8
{[%clk 0:26:59]} 25. Bg5 {[%clk 0:15:48]} Nc7 {[%clk 0:24:33]} 26. Kc2
{[%clk 0:12:27]} Kg7 {[%clk 0:22:06]} 27. Ne2 {[%clk 0:12:44]} Bc4
{[%clk 0:18:43]} 28. Nc1 {[%clk 0:12:05]} h6 {[%clk 0:16:38]} 29. Be3
{[%clk 0:11:52]} Nd5 {[%clk 0:15:55]} 30. Rb1 {[%clk 0:12:13]} Re7
{[%clk 0:16:09]} 31. Rb8 {[%clk 0:11:49]} Rf7 {[%clk 0:16:29]} 32. Kd2
{[%clk 0:09:47]} Rb6 {[%clk 0:15:39]} 33. Rxb6 {[%clk 0:08:37]} axb6
{[%clk 0:16:08]} 34. a4 {[%clk 0:07:17]} Ra7 {[%clk 0:15:41]} 35. Kc2
{[%clk 0:07:20]} Rxa4 {[%clk 0:15:30]} 36. Bd2 {[%clk 0:07:34]} g5
{[%clk 0:14:58]} 37. Rxe4 {[%clk 0:07:19]} Bb3+ {[%clk 0:15:19]} 38. Nxb3
{[%clk 0:07:06]} Rxe4 {[%clk 0:15:48]} 39. Kd3 {[%clk 0:07:20]} Ra4
{[%clk 0:14:51]} 40. Nc1 {[%clk 0:07:38]} Nf4+ {[%clk 0:15:10]} 41. Kd4 0-1